[Event "Llinars del Valles op-B 13th"]
[Site "Llinars del Valles"]
[Date "2019.05.04"]
[Round "4"]
[White "Granell Jurado, Ferran"]
[Black "Ponsa Alcubierre, Gemma"]
[Result "1-0"]
[WhiteElo "1404"]
[BlackElo "1133"]
[PlyCount "65"]
[EventDate "2019.03.30"]
[EventType "swiss"]
[EventRounds "8"]
[EventCountry "ESP"]
[SourceTitle "EXT 2020"]
[Source "ChessBase"]
[SourceDate "2019.10.17"]
[SourceVersion "1"]
[SourceVersionDate "2019.10.17"]
[SourceQuality "1"]

1. d4 Nf6 2. c4 g6 3. Nc3 d5 4. cxd5 Nxd5 5. e4 Nxc3 6. bxc3 Bg7 7. Bc4 0-0 8. Ne2 c5 9. 0-0 cxd4 10. cxd4 Nc6 11. Be3 Bg4 12. f3 Bc8 13. Rc1 Qd7 14. Bb5 a6 15. Bxc6 bxc6 16. Qa4 Rd8 17. Qxc6 Bb7 18. Qc7 Rac8 19. Qxd7 Rxd7 20. Rxc8+ Bxc8 21. Rb1 e6 22. Rb8 Rc7 23. Rb2 a5 24. Kf2 Ba6 25. Nf4 Rc4 26. Rd2 Rc3 27. d5 Bh6 28. dxe6 fxe6 29. Rd8+ Kf7 30. Rd7+ Kg8 31. Rd8+ Kf7 32. Rh8 Kg7 33. Bd4+ 1-0

[Event "Maresme op 14th"]
[Site "Maresme"]
[Date "2017.11.11"]
[Round "6"]
[White "Granell Jurado, Ferran"]
[Black "Malea Collado, Francesc"]
[Result "0-1"]
[WhiteElo "1367"]
[BlackElo "1284"]
[PlyCount "94"]
[EventDate "2017.09.30"]
[EventType "swiss"]
[EventRounds "9"]
[EventCountry "ESP"]
[SourceTitle "CBM 181 Extra"]
[Source "ChessBase"]
[SourceDate "2017.12.12"]
[SourceVersion "1"]
[SourceVersionDate "2017.12.12"]
[SourceQuality "1"]

1. d4 Nf6 2. c4 g6 3. Nc3 Bg7 4. e4 d6 5. f3 0-0 6. Be3 e5 7. d5 Nh5 8. Nge2 f5 9. exf5 gxf5 10. f4 exf4 11. Bxf4 Re8 12. g3 Nxf4 13. gxf4 Qh4+ 14. Kd2 Na6 15. Qc2 Nc5 16. Rd1 Bxc3+ 17. bxc3 Ne4+ 18. Kc1 Nf2 19. Rg1+ Ng4 20. h3 Kh8 21. hxg4 fxg4 22. Ng3 Rf8 23. Rh1 Qe7 24. Qe2 Qf6 25. Qd2 Qxf4 26. Qxf4 Rxf4 27. Bd3 Rf7 28. Rdf1 Rxf1+ 29. Rxf1 Bd7 30. Bf5 Bxf5 31. Rxf5 Rg8 32. Kd2 h6 33. Rh5 Kh7 34. Ke3 Rf8 35. Rf5 Rxf5 36. Nxf5 h5 37. Kf4 Kg6 38. Nh4+ Kf6 39. Ke4 Kg5 40. Ng2 h4 41. Ke3 h3 42. Kf2 h2 43. Ne3 h1Q 44. Ng2 Qh3 45. Kg1 Qf3 46. c5 g3 47. cxd6 Qd1+ 0-1

[Event "Maresme op 14th"]
[Site "Maresme"]
[Date "2017.11.04"]
[Round "5"]
[White "Ventura Vives, Pere"]
[Black "Granell Jurado, Ferran"]
[Result "0-1"]
[WhiteElo "1343"]
[BlackElo "1367"]
[PlyCount "38"]
[EventDate "2017.09.30"]
[EventType "swiss"]
[EventRounds "9"]
[EventCountry "ESP"]
[SourceTitle "CBM 181 Extra"]
[Source "ChessBase"]
[SourceDate "2017.12.12"]
[SourceVersion "1"]
[SourceVersionDate "2017.12.12"]
[SourceQuality "1"]

1. d4 d5 2. c4 e6 3. Nc3 Nf6 4. e3 Bb4 5. Bd2 0-0 6. Nf3 Nbd7 7. Qc2 b6 8. Bd3 dxc4 9. Bxc4 Bb7 10. 0-0-0 Qe7 11. Bd3 c5 12. dxc5 Nxc5 13. a4 Nxd3+ 14. Qxd3 Bxc3 15. Bxc3 Rac8 16. Qd6 Qc7 17. Qxc7 Rxc7 18. Rd6 Ne4 19. Rd3 Nxf2 0-1